Személyre szabott reklámok és aggályaik

Bibliográfiai részletek
Szerző: Krajcsi Anna
További közreműködők: Dobó Dr. Róbert
Dokumentumtípus: Diplomadolgozat
Kulcsszavak:adatkezelés
marketing
marketingkommunikáció
online reklám
reklám
Online Access:http://dolgozattar.uni-bge.hu/60277

MARC

LEADER 00000nta a2200000 i 4500
001 dolg60277
005 20260409150234.0
008 260409suuuu hu om 000 hun d
040 |a BGE Dolgozattár Repozitórium  |b hun 
041 |a hu 
100 1 |a Krajcsi Anna 
245 1 0 |a Személyre szabott reklámok és aggályaik  |c Krajcsi Anna  |h [elektronikus dokumentum] 
520 3 |a Szakdolgozatomban a személyre szabott reklámokat vizsgáltam, különös tekintettel arra, hogy ezek hogyan hatnak a fogyasztókra, mennyire tartják őket hasznosnak, és milyen aggályaik vannak velük kapcsolatban. Először áttekintettem a marketingkommunikáció és a célzott reklámok működését, majd bemutattam, hogy a modern digitális világban milyen eszközökkel próbálnak a cégek eljutni a fogyasztókhoz. Külön foglalkoztam azzal is, hogyan használják fel az adatokat a reklámok személyre szabására, és hogy ez milyen etikai és adatvédelmi kérdéseket vet fel. 
695 |a adatkezelés 
695 |a marketing 
695 |a marketingkommunikáció 
695 |a online reklám 
695 |a reklám 
700 1 |a Dobó Dr. Róbert  |e ths 
856 4 0 |u http://dolgozattar.uni-bge.hu/60277/1/Szem%C3%A9lyre%20szabott%20rekl%C3%A1mok%20%C3%A9s%20agg%C3%A1lyaik.pdf  |z Dokumentum-elérés 
856 4 0 |u http://dolgozattar.uni-bge.hu/60277/2/BA%20KM%20magyar%20b%C3%ADr%C3%A1lati%20lap%20BELS%C5%90%20Krajcsi%20Anna%20DR.pdf  |z Dokumentum-elérés 
856 4 0 |u http://dolgozattar.uni-bge.hu/60277/3/BA%20KM%20magyar%20b%C3%ADr%C3%A1lati%20lap%20K%C3%9CLS%C5%90%20Krajcsi%20Anna.pdf  |z Dokumentum-elérés